[Event "vk18"]
[Site "Vinkovci"]
[Date "2018.07.25"]
[Round "4.1"]
[White "Makovec, Bruno"]
[Black "Radenic, Filip"]
[Result "1/2-1/2"]
[WhiteElo "2293"]
[BlackElo "2166"]
[PlyCount "114"]
[EventDate "2018.07.23"]

1. d4 Nf6 2. Nf3 e6 3. c4 b6 4. g3 Bb7 5. Bg2 Be7 6. O-O O-O 7. Nc3 Ne4 8. Bd2
f5 9. Be1 Bf6 10. Qc2 Qc8 11. Rd1 d6 12. d5 Nxc3 13. Bxc3 e5 14. Bh3 g6 15. e4
Be7 16. Ne1 c6 17. Ng2 cxd5 18. cxd5 Ba6 19. Rfe1 Qe8 20. f4 Bc8 21. fxe5 dxe5
22. d6 Bf6 23. exf5 Nc6 24. Nf4 gxf5 25. Bxf5 Bxf5 26. Qxf5 Bg7 27. Qe6+ Qf7
28. Qxf7+ Rxf7 29. Ne6 Re8 30. Nxg7 Rxg7 31. d7 Rd8 32. Rd6 Rg6 33. Rd5 Re6 34.
b4 Kf7 35. b5 Ne7 36. Rdxe5 Rxe5 37. Rxe5 Rxd7 38. Re4 Rd3 39. Be1 Rd1 40. Kf2
Rb1 41. Rb4 Rc1 42. Ra4 Rc2+ 43. Kg1 Rc1 44. Kf1 Rb1 45. Rxa7 Rxb5 46. Bf2 Rb1+
47. Kg2 Rb2 48. a4 Rb4 49. Ra6 Nd5 50. Ra7+ Kg6 51. Rd7 Nf6 52. Rd4 Rb2 53. Rd6
Ra2 54. Kg1 Ra1+ 55. Kg2 Ra2 56. Kg1 Ra1+ 57. Kg2 Ra2 1/2-1/2

[Event "vk18"]
[Site "Vinkovci"]
[Date "2018.07.25"]
[Round "4.2"]
[White "Zadravec, Matija"]
[Black "Starcevic, Ante Leon"]
[Result "0-1"]
[WhiteElo "2191"]
[BlackElo "2177"]
[PlyCount "33"]
[EventDate "2018.07.23"]

1. e4 c5 2. Nf3 d6 3. Bb5+ Bd7 4. Bxd7+ Qxd7 5. O-O g6 6. Qe2 Bg7 7. Rd1 Nc6 8.
c3 Nf6 9. d4 cxd4 10. cxd4 d5 11. Ne5 Nxe5 12. dxe5 Nxe4 13. f3 Nc5 14. Nc3 e6
15. b4 Na4 16. Nb5 O-O 17. Rd3 0-1

[Event "vk18"]
[Site "Vinkovci"]
[Date "2018.07.25"]
[Round "4.3"]
[White "Toplak, Juraj"]
[Black "Safar, Sandro"]
[Result "1-0"]
[WhiteElo "2017"]
[BlackElo "2257"]
[PlyCount "73"]
[EventDate "2018.07.23"]

1. e4 d6 2. d4 g6 3. f4 Bg7 4. Nf3 Nf6 5. Bd3 O-O 6. O-O b6 7. Nbd2 c5 8. c3 e6
9. Re1 cxd4 10. cxd4 Nfd7 11. e5 d5 12. Nf1 Nc6 13. b3 a5 14. a3 Ba6 15. Ne3
Bxd3 16. Qxd3 Qc7 17. Ra2 f5 18. g4 Kh8 19. Rg2 Bh6 20. g5 Bg7 21. h4 Rfc8 22.
h5 Kg8 23. hxg6 hxg6 24. Rh2 Ne7 25. Bd2 Qb7 26. b4 axb4 27. Bxb4 Nc6 28. Bd6
Na5 29. Nh4 Kf7 30. Nexf5 gxf5 31. Nxf5 Rg8 32. g6+ Ke8 33. Nxg7+ Rxg7 34. Rh8+
Nf8 35. Bxf8 Rc7 36. Bd6+ Kd7 37. Rh7+ 1-0

[Event "vk18"]
[Site "Vinkovci"]
[Date "2018.07.25"]
[Round "4.4"]
[White "Saravanja, Matija"]
[Black "Muha, Miljenko"]
[Result "1-0"]
[WhiteElo "1936"]
[BlackElo "2362"]
[PlyCount "51"]
[EventDate "2018.07.23"]

1. e4 e6 2. d4 d5 3. Nc3 Bb4 4. e5 c5 5. a3 Bxc3+ 6. bxc3 Qa5 7. Bd2 Qa4 8. Qg4
Kf8 9. Nf3 Ne7 10. h4 b6 11. Bd3 Ba6 12. O-O Nbc6 13. h5 h6 14. Qf4 Bxd3 15.
cxd3 Qa6 16. dxc5 Qxd3 17. cxb6 axb6 18. Rfb1 Rxa3 19. Rxa3 Qxb1+ 20. Kh2 Nc8
21. Ra8 Ke7 22. Qa4 Na5 23. c4 dxc4 24. Bb4+ Kd8 25. Bxa5 bxa5 26. Qc6 1-0

[Event "vk18"]
[Site "Vinkovci"]
[Date "2018.07.25"]
[Round "4.5"]
[White "Kanizaj, Benjamin"]
[Black "Djukin, Marko"]
[Result "1/2-1/2"]
[WhiteElo "1881"]
[BlackElo "1969"]
[PlyCount "85"]
[EventDate "2018.07.23"]

1. e4 c5 2. Nf3 e6 3. d4 cxd4 4. Nxd4 Nf6 5. Nc3 Nc6 6. Be3 Bb4 7. Nxc6 bxc6 8.
Bd3 e5 9. O-O d5 10. exd5 cxd5 11. Bg5 Bxc3 12. Bxf6 gxf6 13. Bb5+ Bd7 14. Qxd5
Rb8 15. Bxd7+ Qxd7 16. Qxd7+ Kxd7 17. bxc3 Rb2 18. f4 Rxc2 19. fxe5 Rg8 20. g3
fxe5 21. Rxf7+ Ke6 22. Rxh7 Rd8 23. Rxa7 Rh8 24. Ra6+ Ke7 25. Rb1 Rd8 26. Rb7+
Ke8 27. Rb1 Rdd2 28. Rh6 Kf8 29. Rh4 e4 30. Rf1+ Kg7 31. Rg4+ Kh6 32. Rf6+ Kh5
33. Rh4+ Kg5 34. Rf1 e3 35. Re1 Rxa2 36. c4 Rac2 37. c5 Rxc5 38. Re4 Rcc2 39.
h4+ Kh5 40. R4xe3 Rg2+ 41. Kh1 Kg4 42. h5 Rh2+ 43. Kg1 1/2-1/2

[Event "vk18"]
[Site "Vinkovci"]
[Date "2018.07.25"]
[Round "4.6"]
[White "Tica, Sven"]
[Black "Trepsic, Zvonimir"]
[Result "1-0"]
[WhiteElo "2443"]
[BlackElo "1734"]
[PlyCount "69"]
[EventDate "2018.07.23"]

1. d4 c5 2. d5 d6 3. c4 g6 4. Nf3 Bg7 5. g3 Nf6 6. Bg2 O-O 7. O-O e6 8. Nc3
exd5 9. cxd5 Re8 10. Bf4 a6 11. a4 Ne4 12. Nxe4 Rxe4 13. Nd2 Rb4 14. Rb1 b5 15.
b3 Qe7 16. Qc2 Bf5 17. e4 Bg4 18. Rfe1 g5 19. Be3 Nd7 20. f4 h6 21. e5 gxf4 22.
gxf4 Re8 23. Nf3 bxa4 24. bxa4 Reb8 25. Rxb4 Rxb4 26. Bd2 Rb8 27. e6 fxe6 28.
dxe6 Nf6 29. Nh4 d5 30. Ng6 Qe8 31. f5 d4 32. Bc6 Qd8 33. e7 Qc8 34. e8=Q+ Nxe8
35. Ne7+ 1-0

[Event "vk18"]
[Site "Vinkovci"]
[Date "2018.07.25"]
[Round "4.7"]
[White "Erenda, Bruno"]
[Black "Babic, Tvrtko"]
[Result "1-0"]
[WhiteElo "1966"]
[BlackElo "1498"]
[PlyCount "113"]
[EventDate "2018.07.23"]

1. d4 d5 2. c4 c6 3. Nf3 Nf6 4. Nc3 dxc4 5. a4 Bf5 6. e3 e6 7. Bxc4 Bd6 8. O-O
O-O 9. h3 Nbd7 10. Re1 Bb4 11. Bd2 Qc7 12. Qb3 a5 13. Rad1 Nb6 14. Bf1 Bg6 15.
Ne5 Nbd5 16. Nxg6 hxg6 17. Na2 Bxd2 18. Rxd2 Ne4 19. Rc2 Qb6 20. Qxb6 Nxb6 21.
b3 Rfd8 22. f3 Nf6 23. Kf2 Kf8 24. Nc1 Nbd5 25. Nd3 Nc7 26. Rb1 Na6 27. Ne5 Nb4
28. Rd2 Nd7 29. Nc4 Ke7 30. Be2 Ra7 31. e4 Raa8 32. Ke3 Ra7 33. f4 Rh8 34. Rc1
Raa8 35. Na3 Rab8 36. Rb2 Rbe8 37. Rc4 Nb6 38. Rc1 Nd7 39. Nc2 Nxc2+ 40. Rcxc2
Nb6 41. Bd1 Rb8 42. Rc5 Ra8 43. b4 Nd7 44. Rxa5 Rxa5 45. bxa5 Ra8 46. Rxb7 Rxa5
47. Kd3 Kd6 48. Kc4 f6 49. Kb4 Ra8 50. a5 Ke7 51. Ba4 Ra6 52. d5 exd5 53. exd5
c5+ 54. Kc4 Rd6 55. Rxd7+ Rxd7 56. Bxd7 Kxd7 57. Kxc5 1-0

[Event "vk18"]
[Site "Vinkovci"]
[Date "2018.07.25"]
[Round "3.1"]
[White "Purkic, Ruza"]
[Black "Spiranec, Noemi"]
[Result "0-1"]
[WhiteElo "1431"]
[BlackElo "2009"]
[PlyCount "52"]
[EventDate "2018.07.23"]

1. c4 c5 2. g3 g6 3. Bg2 Bg7 4. Nc3 Nc6 5. Nf3 d6 6. O-O e6 7. e3 Nge7 8. d4
O-O 9. a3 b6 10. Rb1 cxd4 11. Nxd4 Bb7 12. b4 Qd7 13. Bb2 Ne5 14. Ndb5 Bxg2 15.
Kxg2 Nxc4 16. e4 Nc6 17. Na4 Nxb2 18. Nxb2 Rfd8 19. Qd2 d5 20. Rfd1 Qb7 21. Qc2
a6 22. exd5 exd5 23. Nc3 d4 24. Ne4 f5 25. Rbc1 Ne5 26. f4 Ng4 0-1

[Event "vk18"]
[Site "Vinkovci"]
[Date "2018.07.25"]
[Round "4.1"]
[White "Sos, Fran"]
[Black "Novosel, Marko"]
[Result "1/2-1/2"]
[WhiteElo "2009"]
[BlackElo "2033"]
[PlyCount "123"]
[EventDate "2018.07.23"]

1. d4 Nf6 2. c4 e5 3. dxe5 Ng4 4. Bf4 g5 5. Bg3 Bg7 6. Nf3 Nc6 7. Nc3 Ngxe5 8.
Nxe5 Nxe5 9. e3 d6 10. Qc2 O-O 11. O-O-O f5 12. Bxe5 Bxe5 13. Bd3 Qe7 14. Nd5
Qg7 15. f4 Bf6 16. fxg5 Bxg5 17. h4 Bh6 18. Kb1 c6 19. Nf4 Kh8 20. Rh3 Bxf4 21.
exf4 Re8 22. h5 Qf6 23. Bf1 Bd7 24. Qf2 Re6 25. Rhd3 d5 26. Qd4 Qxd4 27. Rxd4
Rae8 28. Kc2 Re4 29. cxd5 Rxd4 30. Rxd4 cxd5 31. Rxd5 Bc6 32. Re5 Be4+ 33. Kc3
Rc8+ 34. Bc4 a6 35. a4 Bxg2 36. Rxf5 Bf3 37. h6 Bg4 38. Re5 Bd7 39. a5 Rf8 40.
Re7 Bc6 41. Bd3 Rxf4 42. Rxh7+ Kg8 43. Rg7+ Kh8 44. Re7 Rf3 45. Kd4 Rf4+ 46.
Kc5 Rf2 47. Rc7 Rf8 48. Kb6 Bf3 49. Kc5 Rd8 50. Bc4 Be4 51. Be6 Rd2 52. b3 Rh2
53. h7 Rh5+ 54. Kd4 Bxh7 55. Bd5 Bg8 56. Bxg8 Kxg8 57. b4 Rb5 58. Kc4 b6 59.
axb6 Rxb6 60. Ra7 Kf8 61. Rd7 Ke8 62. Rh7 1/2-1/2

[Event "vk18"]
[Site "Vinkovci"]
[Date "2018.07.25"]
[Round "4.2"]
[White "Duda, Daniel"]
[Black "Kukas, Oliver"]
[Result "0-1"]
[WhiteElo "2019"]
[BlackElo "2159"]
[PlyCount "136"]
[EventDate "2018.07.23"]

1. d4 Nf6 2. c4 e6 3. Nc3 Bb4 4. e3 O-O 5. Bd3 c5 6. Nf3 d5 7. O-O dxc4 8. Bxc4
cxd4 9. exd4 b6 10. Bg5 Bb7 11. a3 Bxc3 12. bxc3 Nbd7 13. Bd3 Qc7 14. Rc1 Ng4
15. g3 Qc6 16. Be2 h6 17. Be3 Qe4 18. Qc2 Qc6 19. Qb3 Nde5 20. d5 Qxd5 21. Qxd5
exd5 22. Bd4 Nc6 23. Rfe1 Nxd4 24. Nxd4 Nf6 25. Bb5 a6 26. Re7 Rab8 27. Bd3
Rfe8 28. Rce1 g6 29. R1e2 Kf8 30. Rc7 Rxe2 31. Bxe2 Bc8 32. Nc6 Ne8 33. Rxf7+
Kxf7 34. Nxb8 b5 35. Nc6 Nd6 36. Ne5+ Kf6 37. Nc6 Ne4 38. Nb4 Nxc3 39. Bd3 Bb7
40. f4 Nd1 41. Kf1 Nb2 42. Ke2 Nc4 43. Nc2 Bc8 44. Bxc4 dxc4 45. Ke3 Bf5 46.
Nb4 Bc8 47. Nd5+ Ke6 48. Nc3 Bb7 49. g4 Bc6 50. Ne2 a5 51. Nd4+ Kd5 52. g5 hxg5
53. fxg5 b4 54. h4 Bd7 55. h5 gxh5 56. g6 Be8 57. axb4 axb4 58. g7 Bf7 59. Nf5
b3 60. Kd2 Ke5 61. Nh6 Bd5 62. g8=Q Bxg8 63. Nxg8 Kd4 64. Ne7 c3+ 65. Kc1 Kd3
66. Nd5 b2+ 67. Kb1 Kd2 68. Nb4 h4 0-1

[Event "vk18"]
[Site "Vinkovci"]
[Date "2018.07.25"]
[Round "4.3"]
[White "Dabic, Stjepan"]
[Black "Purini, Bruno"]
[Result "1/2-1/2"]
[WhiteElo "2040"]
[BlackElo "1465"]
[PlyCount "64"]
[EventDate "2018.07.23"]

1. d4 d5 2. c4 e6 3. Nc3 Nf6 4. cxd5 exd5 5. Bg5 Be7 6. e3 h6 7. Bf4 c6 8. Bd3
O-O 9. Nge2 Be6 10. h3 Bd6 11. O-O Bxf4 12. Nxf4 Nbd7 13. Qd2 Re8 14. Rae1 Qc7
15. f3 b5 16. b3 Qb6 17. Rf2 Rad8 18. Bb1 a6 19. Nxe6 Rxe6 20. Ne2 Rde8 21. Nf4
R6e7 22. Rfe2 c5 23. Qd3 Nf8 24. dxc5 Qxc5 25. Qd4 Qxd4 26. exd4 Rxe2 27. Rxe2
Ne6 28. Nxe6 Rxe6 29. Kf2 Kf8 30. Bd3 Rxe2+ 31. Kxe2 Ke7 32. Ke3 Ke6 1/2-1/2

[Event "vk18"]
[Site "Vinkovci"]
[Date "2018.07.25"]
[Round "4.4"]
[White "Ghersinich, Enrico"]
[Black "Borzan, Andrej"]
[Result "1-0"]
[WhiteElo "2180"]
[BlackElo "1811"]
[PlyCount "99"]
[EventDate "2018.07.23"]

1. d4 d5 2. e4 e6 3. Nd2 c5 4. exd5 exd5 5. Ngf3 Nf6 6. Bb5+ Bd7 7. Qe2+ Qe7 8.
Ne5 a6 9. Bxd7+ Nbxd7 10. Ndf3 cxd4 11. O-O Nxe5 12. Nxe5 Ne4 13. Nd3 O-O-O 14.
Bf4 g5 15. Be5 f6 16. Qg4+ Qd7 17. Qxd7+ Rxd7 18. Bxd4 Bg7 19. f3 Nd6 20. Nc5
Re7 21. Na4 Nf5 22. Nb6+ Kb8 23. Bc5 Re2 24. Rf2 Rhe8 25. Kf1 Rxf2+ 26. Kxf2 d4
27. g4 Ne3 28. c3 f5 29. cxd4 f4 30. h4 h6 31. Rc1 Rd8 32. Be7 Re8 33. Bd6+ Ka7
34. Rc8 Nd1+ 35. Kf1 Rxc8 36. Nxc8+ Ka8 37. hxg5 hxg5 38. Nb6+ Ka7 39. Bc5 Nxb2
40. Ke2 Bf8 41. Kd2 Bxc5 42. dxc5 a5 43. Kc2 Ka6 44. Kxb2 Kb5 45. Nd7 Kc6 46.
Kc3 Kxd7 47. Kd4 Kc6 48. a4 b6 49. cxb6 Kxb6 50. Kd5 1-0

[Event "vk18"]
[Site "Vinkovci"]
[Date "2018.07.25"]
[Round "4.5"]
[White "Damjanovic, Stjepan"]
[Black "Cotic, Borna"]
[Result "1/2-1/2"]
[WhiteElo "1716"]
[BlackElo "2047"]
[PlyCount "114"]
[EventDate "2018.07.23"]

1. e4 c5 2. Nc3 e6 3. f4 d5 4. Bb5+ Bd7 5. Bxd7+ Qxd7 6. d3 d4 7. Nce2 Nf6 8.
Nf3 Nc6 9. O-O Be7 10. Ng3 O-O 11. f5 e5 12. h3 b5 13. Qe1 c4 14. Bg5 Ne8 15.
Bxe7 Qxe7 16. Nh5 f6 17. g4 cxd3 18. cxd3 Nb4 19. Qd2 Rc8 20. Rac1 Rxc1 21.
Rxc1 Nxa2 22. Rc6 Nb4 23. Re6 Qc5 24. g5 Nc6 25. gxf6 Nxf6 26. Nxg7 Kxg7 27.
Qg5+ Kh8 28. Rxf6 Rg8 29. Rg6 Qf8 30. Rxg8+ Qxg8 31. h4 a5 32. Kf2 Qxg5 33.
hxg5 Kg7 34. Ke2 h6 35. gxh6+ Kxh6 36. Ne1 Kg5 37. Nc2 b4 38. b3 Nb8 39. Ne1
Nd7 40. Nf3+ Kf4 41. Nd2 Nc5 42. Nc4 Nxb3 43. f6 Nc5 44. Nxa5 Kg5 45. f7 Ne6
46. Nc6 Kf6 47. Nd8 Nf8 48. Kd2 Nd7 49. Kc2 Ke7 50. Nc6+ Kxf7 51. Kb3 Nc5+ 52.
Kc4 b3 53. Nxe5+ Ke6 54. Nf3 b2 55. Nd2 Kd6 56. e5+ Kc6 57. Nb1 Nxd3 1/2-1/2

[Event "vk18"]
[Site "Vinkovci"]
[Date "2018.07.25"]
[Round "4.6"]
[White "Karlusic, Luka"]
[Black "Matota, Dominik"]
[Result "1-0"]
[WhiteElo "1836"]
[BlackElo "1456"]
[PlyCount "148"]
[EventDate "2018.07.23"]

1. d4 Nf6 2. c4 c5 3. d5 g6 4. Nc3 Bg7 5. Nf3 O-O 6. h3 e6 7. Bf4 d6 8. dxe6
Bxe6 9. Bxd6 Re8 10. e3 b6 11. Be2 Nc6 12. Rc1 Bf5 13. Nh4 Bc8 14. Bg3 Qe7 15.
Qd6 Qxd6 16. Bxd6 Rd8 17. Bh2 Nb4 18. O-O Rd2 19. Bf3 Bb7 20. Bxb7 Rad8 21.
Rfd1 R8d7 22. Bf3 Rxb2 23. Rxd7 Nxd7 24. Nb5 a6 25. Nc7 Rxa2 26. Rd1 Nf8 27.
Nd5 a5 28. Nxb6 a4 29. Nxa4 Rxa4 30. Bd6 Bf6 31. g3 Nd7 32. Be2 h5 33. Nf3 Ra2
34. Bf1 Na6 35. Bf4 Nf8 36. Ng5 Be7 37. Bg2 Rc2 38. Bd5 Bxg5 39. Bxg5 Nb4 40.
Be7 Kg7 41. Bxc5 Nxd5 42. Bxf8+ Kxf8 43. cxd5 Ke7 44. Kg2 Kd6 45. Kf3 f5 46.
Rd4 g5 47. Kg2 Rc5 48. Kf1 Rc2 49. h4 g4 50. Ke1 Rb2 51. Rd2 Rb7 52. Ke2 Rb4
53. f3 Ra4 54. fxg4 hxg4 55. Rd3 Ra2+ 56. Rd2 Ra4 57. Kf1 Ra1+ 58. Kg2 Re1 59.
Kf2 Rh1 60. Rd4 Rh2+ 61. Kf1 Rc2 62. Rf4 Ke5 63. d6 Rc8 64. d7 Rd8 65. Rd4 Ke6
66. Ke2 Ke5 67. Kd3 Ke6 68. e4 Kf6 69. Rd5 Ke6 70. Kd4 f4 71. gxf4 g3 72. Ke3
g2 73. Kf2 Rg8 74. Rg5 Rf8 1-0

[Event "vk18"]
[Site "Vinkovci"]
[Date "2018.07.25"]
[Round "4.7"]
[White "Alfirevic, Duje"]
[Black "Jakrlin, Mihael"]
[Result "0-1"]
[WhiteElo "1643"]
[BlackElo "1827"]
[PlyCount "98"]
[EventDate "2018.07.23"]

1. e4 e6 2. d4 d5 3. Nd2 h6 4. c3 c5 5. exd5 exd5 6. Ngf3 Nf6 7. dxc5 Bxc5 8.
Nb3 Bd6 9. Bb5+ Nc6 10. O-O O-O 11. h3 Qc7 12. Re1 Bf5 13. Bd3 Ne4 14. Be3 a6
15. Nfd4 Bh7 16. Rc1 Ne5 17. Bf1 Rad8 18. Nd2 Nc5 19. Ra1 Ncd3 20. Bxd3 Nxd3
21. Rf1 Nxb2 22. Qb3 Nc4 23. Nxc4 dxc4 24. Qb2 Rfe8 25. Nf3 Rd7 26. Rfe1 Rde7
27. Rad1 Be4 28. Nd4 f5 29. f3 Bd3 30. Bf2 Bh2+ 31. Kh1 Bg3 32. Rxe7 Rxe7 33.
Bxg3 Qxg3 34. Qb4 Qc7 35. a4 Kf7 36. Kg1 Qe5 37. Kh1 g5 38. Qb6 Qf6 39. Qc5 h5
40. Qd5+ Kg6 41. Qg8+ Qg7 42. Qc8 Qf6 43. Qg8+ Kh6 44. Qd5 Kh7 45. Qc5 Re5 46.
Qa7 Qe7 47. Qb6 g4 48. f4 Re1+ 49. Rxe1 Qxe1+ 0-1

[Event "vk18"]
[Site "Vinkovci"]
[Date "2018.07.25"]
[Round "4.1"]
[White "Golub, Nikolina"]
[Black "Smetisko, Marija"]
[Result "1-0"]
[WhiteElo "1917"]
[BlackElo "1852"]
[PlyCount "121"]
[EventDate "2018.07.23"]

1. d4 Nf6 2. c4 g6 3. g3 d5 4. cxd5 Nxd5 5. e4 Nb6 6. Bg2 Bg7 7. Ne2 O-O 8. O-O
c5 9. dxc5 Qxd1 10. Rxd1 Na4 11. Nbc3 Nxc5 12. Be3 Nca6 13. Nd4 Nb4 14. Rac1
N8c6 15. a3 Nxd4 16. Bxd4 Bxd4 17. Rxd4 Nc6 18. Rdd1 Bg4 19. f3 Be6 20. Nd5
Rfd8 21. f4 Kf8 22. h3 h5 23. Kf2 Rac8 24. b4 a6 25. Ke3 Na7 26. Nc7 Rxd1 27.
Nxe6+ fxe6 28. Rxd1 Nb5 29. Rd3 Rc2 30. Bf3 Ra2 31. e5 Rxa3 32. Rxa3 Nxa3 33.
Kd3 b6 34. Bb7 a5 35. bxa5 bxa5 36. Bc6 Kf7 37. Kc3 Nb1+ 38. Kc2 Na3+ 39. Kd3
Nb1 40. Bb5 Na3 41. Ba6 Nb1 42. Kc2 Na3+ 43. Kb2 g5 44. Kxa3 gxf4 45. gxf4 Kg6
46. Bd3+ Kh6 47. Ka4 h4 48. Kxa5 Kg7 49. Kb6 Kf8 50. Kc7 Ke8 51. Bb5+ Kf7 52.
Kd7 Kg6 53. Kxe6 Kg7 54. Kxe7 Kh7 55. f5 Kh6 56. f6 Kg6 57. f7 Kh7 58. f8=Q Kg6
59. Bd3+ Kg5 60. Qf5+ Kh6 61. Qg6# 1-0

[Event "vk18"]
[Site "Vinkovci"]
[Date "2018.07.25"]
[Round "4.2"]
[White "Dejanovic, Tereza"]
[Black "Muha, Magdalena"]
[Result "0-1"]
[WhiteElo "1818"]
[BlackElo "1641"]
[PlyCount "70"]
[EventDate "2018.07.23"]

1. e4 e6 2. d4 d5 3. Nd2 c5 4. exd5 Qxd5 5. Ngf3 cxd4 6. Bc4 Qd7 7. O-O Nf6 8.
Nb3 Nc6 9. Nbxd4 Nxd4 10. Nxd4 a6 11. Re1 b5 12. Be2 Bb7 13. Bf3 Nd5 14. Nb3
Rd8 15. Qe2 Be7 16. Bd2 Rc8 17. c3 O-O 18. Red1 Rfd8 19. Rac1 Qc7 20. c4 bxc4
21. Ba5 Nb6 22. Qe3 Bxf3 23. Bxb6 Rxd1+ 24. Rxd1 Bxd1 25. Bxc7 cxb3 26. Be5
bxa2 27. b3 Bxb3 28. h3 Bf6 29. Kh2 Bxe5+ 30. Qxe5 h6 31. Qb2 Rd8 32. Qe5 Rd1
33. Qb8+ Kh7 34. Qxb3 a1=Q 35. Qc2+ g6 0-1

[Event "vk18"]
[Site "Vinkovci"]
[Date "2018.07.25"]
[Round "4.3"]
[White "Zuteg, Dorotea"]
[Black "Koksa, Jelena"]
[Result "1/2-1/2"]
[WhiteElo "1471"]
[BlackElo "1707"]
[PlyCount "109"]
[EventDate "2018.07.23"]

1. d4 d5 2. Bf4 Bf5 3. Nf3 e6 4. e3 Nf6 5. c4 Bxb1 6. Rxb1 Bb4+ 7. Ke2 Bd6 8.
g3 Bxf4 9. gxf4 c6 10. Rg1 Rg8 11. Qb3 Qb6 12. c5 Qxb3 13. axb3 Na6 14. Ne5 Nd7
15. Kd2 Nc7 16. Bd3 Nxe5 17. fxe5 Ke7 18. Rg2 g6 19. h4 Ne8 20. Rbg1 Ng7 21.
Be2 h5 22. Kc3 Rgc8 23. Ra1 b6 24. b4 a5 25. Rgg1 axb4+ 26. Kxb4 b5 27. Bd3
Rcb8 28. e4 Ra4+ 29. Kc3 Rba8 30. Rxa4 Rxa4 31. exd5 exd5 32. b3 Ra2 33. Rf1
Ne6 34. Bb1 Ra7 35. f4 b4+ 36. Kxb4 Nxd4 37. Kc3 Nb5+ 38. Kb2 Ke6 39. f5+ Kxe5
40. fxg6 fxg6 41. Bxg6 Rg7 42. Re1+ Kf6 43. Bxh5 Rh7 44. Be8 Rxh4 45. Bxc6 Rh2+
46. Kc1 Nd4 47. Bxd5 Ne2+ 48. Rxe2 Rxe2 49. c6 Ke7 50. Kd1 Rh2 51. Kc1 Kd6 52.
Be4 Re2 53. Bd3 Re3 54. Kc2 Kxc6 55. Kd2 1/2-1/2

[Event "vk18"]
[Site "Vinkovci"]
[Date "2018.07.25"]
[Round "4.8"]
[White "Birkic, Josip"]
[Black "Jurakic, Lukas"]
[Result "1/2-1/2"]
[WhiteElo "1823"]
[BlackElo "1755"]
[PlyCount "75"]
[EventDate "2018.07.23"]

1. d4 Nf6 2. Nf3 g6 3. Bf4 Bg7 4. e3 c5 5. c3 cxd4 6. cxd4 d6 7. h3 O-O 8. Nc3
Nbd7 9. Be2 a6 10. O-O b5 11. b4 Bb7 12. Qb3 Nb6 13. Rfc1 Nfd5 14. Bh2 Rc8 15.
a3 Qd7 16. Na2 Nf6 17. Nc3 Ne4 18. Nxe4 Bxe4 19. Nd2 Bd5 20. Qd1 Na4 21. Bf3
Bb7 22. Nb3 Nb2 23. Qe2 Nc4 24. Bxb7 Qxb7 25. Nd2 Qd5 26. Nxc4 Rxc4 27. Rxc4
bxc4 28. Qb2 e5 29. dxe5 dxe5 30. Qc2 c3 31. e4 Qc4 32. Rd1 Rc8 33. f3 f6 34.
Kh1 Bh6 35. Bg1 Bd2 36. Bc5 Qe2 37. Rg1 Kg7 38. Ra1 1/2-1/2

[Event "vk18"]
[Site "Vinkovci"]
[Date "2018.07.26"]
[Round "5.1"]
[White "Starcevic, Ante Leon"]
[Black "Radenic, Filip"]
[Result "1/2-1/2"]
[WhiteElo "2177"]
[BlackElo "2166"]
[PlyCount "114"]
[EventDate "2018.07.23"]

1. e4 e6 2. d4 d5 3. exd5 exd5 4. c4 Nf6 5. Nc3 Be7 6. Nf3 O-O 7. cxd5 Nxd5 8.
Bd3 Bf6 9. O-O Nc6 10. Be4 Nce7 11. Qd3 h6 12. Be3 c6 13. Rad1 Be6 14. a3 Qc7
15. Qd2 Bf5 16. Nxd5 cxd5 17. Bxf5 Nxf5 18. Rc1 Qd7 19. Bf4 Rac8 20. Qb4 Rxc1
21. Rxc1 Rc8 22. Rxc8+ Qxc8 23. h3 b6 24. g4 Qc2 25. gxf5 Qe4 26. Qd2 Qxf3 27.
Qe3 Qd1+ 28. Kg2 Qxd4 29. Qxd4 Bxd4 30. b3 Kf8 31. Bd6+ Ke8 32. a4 Kd7 33. Bf8
Kc6 34. Kf3 h5 35. Ke2 g6 36. fxg6 fxg6 37. f3 Be5 38. Kd3 b5 39. Be7 Kb6 40.
Bd8+ Ka6 41. Kc2 Bd4 42. Kd3 Bb6 43. axb5+ Kxb5 44. Be7 Bc5 45. Bg5 Kb4 46. Kc2
d4 47. Bd2+ Ka3 48. Bc1+ Ka2 49. Bd2 Bb6 50. Bb4 d3+ 51. Kxd3 Kxb3 52. Bd6 a5
53. Ke4 a4 54. f4 a3 55. Bxa3 Kxa3 56. f5 g5 57. f6 Bd8 1/2-1/2

[Event "vk18"]
[Site "Vinkovci"]
[Date "2018.07.26"]
[Round "5.2"]
[White "Makovec, Bruno"]
[Black "Toplak, Juraj"]
[Result "0-1"]
[WhiteElo "2293"]
[BlackElo "2017"]
[PlyCount "94"]
[EventDate "2018.07.23"]

1. Nf3 Nf6 2. c4 e6 3. g3 b6 4. Bg2 Bb7 5. O-O Be7 6. d4 O-O 7. Nc3 Ne4 8. Bd2
f5 9. Be1 g5 10. d5 g4 11. Nd4 Nd6 12. e4 c5 13. Ndb5 Nxc4 14. exf5 Ne5 15. d6
Nf3+ 16. Bxf3 Bxf3 17. dxe7 Qxe7 18. Qd6 Qxd6 19. Nxd6 exf5 20. Bd2 Nc6 21. Bf4
a6 22. Nc4 Nd4 23. Be3 b5 24. Ne5 Rae8 25. Bxd4 cxd4 26. Nxf3 gxf3 27. Nd5 Re2
28. Rab1 Rc8 29. Rfe1 d3 30. Nc3 b4 31. Nd5 Rxe1+ 32. Rxe1 d2 33. Rd1 Rc1 34.
Ne3 d5 35. Rf1 d4 36. Nd1 Kf7 37. g4 fxg4 38. h3 h5 39. hxg4 hxg4 40. Kh2 Kf6
41. Kg3 Kf5 42. Rh1 Ke4 43. Kxg4 Rc8 44. Kg5 Kd3 45. Kf4 Ke2 46. Ke4 Rc1 47.
Kxd4 Rxd1 0-1

[Event "vk18"]
[Site "Vinkovci"]
[Date "2018.07.26"]
[Round "5.3"]
[White "Safar, Sandro"]
[Black "Saravanja, Matija"]
[Result "0-1"]
[WhiteElo "2257"]
[BlackElo "1936"]
[PlyCount "96"]
[EventDate "2018.07.23"]

1. d4 d5 2. Bf4 e6 3. e3 Bd6 4. Bg3 Ne7 5. Bd3 Nf5 6. Bxf5 exf5 7. c4 dxc4 8.
Qa4+ c6 9. Qxc4 Be6 10. Qd3 O-O 11. Ne2 Bxg3 12. hxg3 Nd7 13. Nf4 Nf6 14. Nc3
Re8 15. Nxe6 Rxe6 16. Qxf5 Qb6 17. Rb1 Rd8 18. O-O Nd5 19. Rfd1 Rf6 20. Qc2 Qc7
21. b4 Rh6 22. Ne2 Qe7 23. Qc5 Qg5 24. Nf4 b6 25. Qc4 Nxf4 26. gxf4 Qh4 27. Kf1
Qh1+ 28. Ke2 Qxg2 29. Rg1 Qe4 30. Qd3 Qd5 31. Qb3 Qh5+ 32. Kd2 Qf3 33. Rbf1 Rh2
34. Ke1 c5 35. Rg3 Qe4 36. Rfg1 g6 37. f3 Qe7 38. bxc5 Rxd4 39. cxb6 axb6 40.
R3g2 Rxg2 41. Rxg2 Rb4 42. Qd3 Qh4+ 43. Kf1 Qh1+ 44. Rg1 Qxf3+ 45. Ke1 Re4 46.
Qd8+ Kg7 47. Qxb6 Rxe3+ 48. Kd2 Qf2+ 0-1

[Event "vk18"]
[Site "Vinkovci"]
[Date "2018.07.26"]
[Round "5.4"]
[White "Erenda, Bruno"]
[Black "Tica, Sven"]
[Result "0-1"]
[WhiteElo "1966"]
[BlackElo "2443"]
[PlyCount "118"]
[EventDate "2018.07.23"]

1. d4 d5 2. Bf4 c5 3. e3 cxd4 4. exd4 Nc6 5. Nf3 Bf5 6. c3 e6 7. Bd3 Nge7 8.
O-O Bxd3 9. Qxd3 Nf5 10. Re1 Be7 11. Nbd2 O-O 12. Ne5 Nxe5 13. Bxe5 Qb6 14. Qc2
Rac8 15. Qb3 Qc6 16. Nf1 b5 17. Ne3 Nd6 18. a4 a6 19. axb5 axb5 20. Ra7 Rc7 21.
Rea1 Rxa7 22. Rxa7 Nc8 23. Ra5 f6 24. Bg3 b4 25. Qa4 Qxa4 26. Rxa4 bxc3 27.
bxc3 Rd8 28. Ra8 Kf7 29. Kf1 g5 30. Ke2 Nb6 31. Ra7 Rd7 32. Rxd7 Nxd7 33. Kd3
f5 34. Bc7 Nf6 35. c4 f4 36. Nf1 dxc4+ 37. Kxc4 Nd5 38. Be5 g4 39. Kd3 Kg6 40.
Ke4 Bg5 41. h3 Nc3+ 42. Kd3 gxh3 43. gxh3 Nd1 44. Ke2 Nb2 45. Kf3 Kf5 46. Nd2
Nd3 47. Bd6 Bh4 48. Nb3 Nxf2 49. Bxf4 Nxh3 50. Bc7 Bf6 51. Ke3 Ng5 52. Nd2 h5
53. Bg3 Kg4 54. Bh2 h4 55. Ne4 Nxe4 56. Kxe4 h3 57. d5 exd5+ 58. Kxd5 Kf3 59.
Ke6 Kg2 0-1

[Event "vk18"]
[Site "Vinkovci"]
[Date "2018.07.26"]
[Round "5.5"]
[White "Djukin, Marko"]
[Black "Zadravec, Matija"]
[Result "1-0"]
[WhiteElo "1969"]
[BlackElo "2191"]
[PlyCount "65"]
[EventDate "2018.07.23"]

1. e4 e5 2. Nf3 Nc6 3. Bb5 Nge7 4. O-O g6 5. c3 Bg7 6. d4 exd4 7. cxd4 d5 8. e5
O-O 9. h3 h6 10. Nc3 f6 11. exf6 Rxf6 12. Ne5 Nxe5 13. dxe5 Rf8 14. Be3 c6 15.
Ba4 Nf5 16. Bc5 Re8 17. f4 Bf8 18. Bf2 Bg7 19. g4 Ne7 20. Qd3 b6 21. Bh4 b5 22.
Bc2 b4 23. Na4 c5 24. Bxe7 Qxe7 25. Qxg6 Bb7 26. Rae1 Qh4 27. Kh2 Kf8 28. Nxc5
Qe7 29. Nxb7 Qxb7 30. f5 Qf7 31. f6 Bh8 32. Qxh6+ Kg8 33. Rf5 1-0

[Event "vk18"]
[Site "Vinkovci"]
[Date "2018.07.26"]
[Round "5.6"]
[White "Petrovic, David"]
[Black "Kanizaj, Benjamin"]
[Result "1-0"]
[WhiteElo "1657"]
[BlackElo "1881"]
[PlyCount "77"]
[EventDate "2018.07.23"]

1. e4 c5 2. c3 d6 3. Nf3 Nf6 4. Qc2 Nc6 5. d4 g6 6. dxc5 dxc5 7. Be3 b6 8. Bb5
Bd7 9. O-O a6 10. Bxc6 Bxc6 11. Nbd2 Bg7 12. Rad1 Qc7 13. Rfe1 O-O 14. b4 Qb7
15. e5 Nd5 16. bxc5 Nxe3 17. Rxe3 bxc5 18. Rb1 Qc7 19. Ne4 Bxe5 20. Nxe5 Qxe5
21. Rbe1 Qf5 22. Qe2 e6 23. Ng3 Qd5 24. f4 Bb5 25. Qf2 Rac8 26. Re5 Qd3 27. Ne4
Kg7 28. Qh4 Qd8 29. Qh3 Bc4 30. Nxc5 Qb6 31. Qe3 Rc6 32. Qd4 f6 33. Qxc4 fxe5
34. Rxe5 Qb1+ 35. Kf2 Qc1 36. g3 Qb2+ 37. Kf3 Kh8 38. Qd4 Rc7 39. Re2+ 1-0